東京周辺の大学外観クイズ - Statistics

General Stats
  • This quiz has been taken 117 times
  • The average score is 6 of 16
Answer Stats
Picture Answer % Correct
東京大学
98%
早稲田大学
89%
立教大学
71%
明治大学
61%
慶應義塾大学
60%
法政大学
57%
上智大学
39%
東京理科大学
39%
青山学院大学
36%
中央大学
24%
明治学院大学
18%
東洋大学
12%
専修大学
11%
國學院大學
6%
日本大学
5%
立正大学
2%
No matching quizzes found
Score Distribution
Percent of People with Each Score
Percentile by Number Answered
Your Score History
You have not taken this quiz